[Event "AUTO-MASTER-767"]
[Site "http://www.queenalice.com/game.php?id=644641"]
[Date "2009.8.30"]
[Round "2"]
[White "OrangeLion"]
[Black "arrabi"]
[Result "1-0"]
[WhiteElo "2237"]
[BlackElo "2102"]

1. e4 c5 2. Nf3 Nc6 3. Bb5 d6 4. O-O Bd7 5. Re1 Nf6 6. c3 e5 7. h3 h6 8. d4 a6
9. Bf1 Be7 10. d5 Na7 11. b4 b5 12. bxc5 dxc5 13. Nxe5 O-O 14. d6 Be6 15. dxe7
Qxe7 16. Bf4 Rfd8 17. Nd2 Nh7 18. a4 c4 19. Qe2 g5 20. Bg3 Qf6 21. axb5 axb5 22.
Qe3 Kg7 23. Ra5 Qe7 24. Rea1 Qd6 25. Nexc4 Qf8 26. Nb6 f5 27. exf5 Bxf5 28.
Rxa7+ Rxa7 29. Rxa7+ Kg6 30. Nf3 Re8 31. Ne5+ Kf6 32. Nd5+ Ke6 33. Nc4+ Kxd5 34.
Qd4+ Ke6 35. Qe5# 1-0

[Event "AUTO-MASTER-767"]
[Site "http://www.queenalice.com/game.php?id=644642"]
[Date "2009.8.30"]
[Round "2"]
[White "arrabi"]
[Black "OrangeLion"]
[Result "0-1"]
[WhiteElo "2115"]
[BlackElo "2227"]

1. e4 e6 2. d4 d5 3. e5 c5 4. c3 Nc6 5. Bb5 Qb6 6. Ba4 Bd7 7. Nf3 cxd4 8. Bxc6
bxc6 9. cxd4 c5 10. O-O cxd4 11. Nxd4 Ne7 12. Nc3 Rc8 13. Rb1 Rxc3 14. Be3 Rxe3
15. fxe3 Ng6 16. Qh5 Bc5 17. Rfd1 O-O 0-1

[Event "AUTO-OPEN-1402"]
[Site "http://www.queenalice.com/game.php?id=682749"]
[Date "2009.11.14"]
[Round "3"]
[White "OrangeLion"]
[Black "jotat"]
[Result "1-0"]
[WhiteElo "2251"]
[BlackElo "2293"]

1. Nf3 d5 2. d4 Nf6 3. c4 c6 4. Nc3 e6 5. Bg5 h6 6. Bh4 dxc4 7. e4 g5 8. Bg3 Bb4
9. Bxc4 Nxe4 10. O-O Nxc3 11. bxc3 Bxc3 12. Rb1 g4 13. Qc2 Bxd4 14. Nxd4 Qxd4
15. Qe2 Qc5 16. Rfd1 O-O 17. Bd6 Qf5 18. Bxf8 Kxf8 19. Rd8+ Ke7 20. Bd3 Kxd8 21.
Bxf5 exf5 22. Qd3+ Bd7 23. Rxb7 1-0

[Event "AUTO-OPEN-1402"]
[Site "http://www.queenalice.com/game.php?id=682750"]
[Date "2009.11.14"]
[Round "3"]
[White "jotat"]
[Black "OrangeLion"]
[Result "1/2-1/2"]
[WhiteElo "2297"]
[BlackElo "2295"]

1. e4 e6 2. d4 d5 3. Nd2 Nf6 4. e5 Nfd7 5. Bd3 c5 6. c3 Nc6 7. Ne2 Qb6 8. Nf3
cxd4 9. cxd4 f6 10. exf6 Nxf6 11. O-O Bd6 12. Nc3 O-O 13. Nb5 Bb8 14. Re1 Bd7
15. Nc3 Bd6 16. Be3 Nb4 17. Bb1 Rac8 18. Ne5 Nc6 19. Nxd7 Nxd7 20. Qg4 Rce8 21.
Nxd5 exd5 22. Qxd7 Nxd4 23. Bd3 h6 24. Red1 Re7 25. Qxe7 Bxe7 26. Bxd4 Bc5 27.
Bxc5 Qxc5 28. Rd2 Re8 29. a3 Qa5 30. b4 Qc7 31. Rad1 Qc3 32. Bf1 Qxa3 33. b5 Re5
34. Rxd5 Rxd5 35. Rxd5 Qe7 36. Rd3 g6 37. Re3 Qc7 38. h4 Kg7 39. Bd3 Qc1+ 40.
Kh2 g5 41. hxg5 hxg5 42. g3 Qc7 43. Kg2 a6 44. bxa6 bxa6 45. f3 a5 46. Re4 Qd7
47. Bc4 a4 48. g4 a3 49. Re2 Qd1 50. Rf2 Kf6 51. Bg8 Ke5 52. Bc4 Kf4 53. Be6 Qe1
1/2-1/2

[Event "AUTO-ELITE-469"]
[Site "http://www.queenalice.com/game.php?id=707551"]
[Date "2010.1.2"]
[Round "1"]
[White "forth_generation"]
[Black "OrangeLion"]
[Result "0-1"]
[WhiteElo "2387"]
[BlackElo "2314"]

1. d4 Nf6 2. c4 e6 3. Nc3 Bb4 4. e3 O-O 5. Bd3 d5 6. Nf3 b6 7. Bd2 Ba6 8. Qe2 c5
9. dxc5 Nbd7 10. c6 Nc5 11. Nb5 Bxd2+ 12. Qxd2 Qc8 13. Ne5 Rd8 14. c7 Re8 15.
Nd6 Qxc7 16. Nxe8 Rxe8 17. f4 dxc4 18. Bxc4 Bxc4 19. Nxc4 Rd8 20. Qc2 Nd3+ 21.
Ke2 Qc6 22. Kf1 b5 23. Na3 Qe4 24. Qd2 Ng4 25. Nc2 Rc8 26. Ne1 Nxe3+ 27. Kg1 Rd8
28. h3 Nc4 29. Qc3 Nxf4 30. Qf3 Ne2+ 31. Kh2 Qe5+ 32. g3 Nd2 33. Qg2 h5 34. h4
g5 35. Rd1 gxh4 36. Rg1 hxg3+ 37. Kh1 Rd4 38. Nf3 Nxf3 39. Rxd4 Nexg1 0-1

[Event "AUTO-ELITE-469"]
[Site "http://www.queenalice.com/game.php?id=707552"]
[Date "2010.1.2"]
[Round "1"]
[White "OrangeLion"]
[Black "forth_generation"]
[Result "1-0"]
[WhiteElo "2328"]
[BlackElo "2403"]

1. Nf3 d5 2. d4 Nf6 3. c4 c6 4. Nc3 dxc4 5. a4 Bf5 6. e3 e6 7. Bxc4 Bb4 8. O-O
O-O 9. Qe2 c5 10. Rd1 Nc6 11. d5 exd5 12. Nxd5 Nxd5 13. Bxd5 Qb6 14. e4 Bg4 15.
Be3 Ne5 16. Bf4 Nxf3+ 17. gxf3 Bh5 18. Bd6 Rfd8 19. e5 Rd7 20. a5 Bxa5 21. Qe4
Rad8 22. Qa4 Bb4 23. e6 Rxd6 24. e7 g5 25. e8=Q+ Rxe8 26. Qxe8+ Kg7 27. Qe5+ Rf6
28. h4 h6 29. Be4 Qe6 30. Qg3 Bg6 31. hxg5 hxg5 32. Qxg5 a5 33. Kg2 Qe7 34. Rh1
Bd2 35. Qxd2 Bxe4 36. Kf1 Qe5 37. fxe4 Qxe4 38. Rg1+ Rg6 39. Qc3+ Kh7 40. Rxg6
Kxg6 41. Qg3+ Kh7 42. Qh3+ Kg7 43. Rxa5 Qc4+ 44. Kg1 Kf6 45. Qc3+ Qxc3 46. bxc3
b6 47. Ra6 1-0

[Event "AUTO-ELITE-469"]
[Site "http://www.queenalice.com/game.php?id=707559"]
[Date "2010.1.2"]
[Round "1"]
[White "OrangeLion"]
[Black "BEBADO"]
[Result "1-0"]
[WhiteElo "2288"]
[BlackElo "2127"]

1. Nf3 c5 2. c4 Nf6 3. Nc3 d5 4. cxd5 Nxd5 5. e4 Nb4 6. Bb5+ N8c6 7. O-O a6 8.
Bxc6+ Nxc6 9. d3 Bg4 10. h3 Bxf3 11. Qxf3 e6 12. Qg3 Nd4 13. Bf4 b5 14. Rae1 f6
15. Ne2 Nxe2+ 16. Rxe2 e5 17. Be3 Qxd3 18. Rd2 Qc4 19. f4 exf4 20. Rxf4 Qe6 21.
e5 f5 22. Qf3 Rd8 23. Rxd8+ Kxd8 24. Rxf5 Be7 25. Bd2 Kc7 26. Rf7 Rd8 27. Ba5+
1-0

[Event "AUTO-ELITE-469"]
[Site "http://www.queenalice.com/game.php?id=707560"]
[Date "2010.1.2"]
[Round "1"]
[White "BEBADO"]
[Black "OrangeLion"]
[Result "0-1"]
[WhiteElo "2138"]
[BlackElo "2280"]

1. e4 e6 2. Nf3 d5 3. e5 c5 4. b4 cxb4 5. a3 Nh6 6. axb4 Bxb4 7. c3 Be7 8. d4
Nf5 9. Bd3 Nc6 10. h4 Bd7 11. Bg5 f6 12. Bf4 fxe5 13. Nxe5 O-O 14. g3 Nxe5 15.
Bxe5 Bf6 16. Bxf6 Qxf6 17. Qe2 Rae8 18. O-O e5 19. Bxf5 Qxf5 20. Rxa7 exd4 21.
Qd2 Qf3 22. Qd1 Bb5 23. Qxf3 Rxf3 24. Rc1 Ba6 0-1

[Event "AUTO-ELITE-470"]
[Site "http://www.queenalice.com/game.php?id=708376"]
[Date "2010.1.4"]
[Round "1"]
[White "Pinone"]
[Black "OrangeLion"]
[Result "1-0"]
[WhiteElo "2449"]
[BlackElo "2346"]

1. d4 Nf6 2. Bg5 e6 3. e4 h6 4. Bxf6 Qxf6 5. Nc3 Bb4 6. Qd2 d5 7. e5 Qd8 8. Nf3
O-O 9. a3 Be7 10. Bd3 c5 11. dxc5 Bxc5 12. O-O f6 13. Na4 Be7 14. exf6 Rxf6 15.
Qe3 Qc7 16. b4 Bd7 17. Nc5 Bxc5 18. bxc5 Nc6 19. c4 Raf8 20. Rad1 g5 21. Nxg5
hxg5 22. Qxg5+ Kf7 23. cxd5 exd5 24. Qxd5+ Be6 25. Qh5+ Ke7 26. f4 Nd4 27. Bg6
Ne2+ 28. Kh1 Nxf4 29. Qh7+ Bf7 30. Bc2 Qc6 31. Rf3 Qe6 32. Qh4 Bh5 33. Re1 Bxf3
34. Rxe6+ Nxe6 35. gxf3 Nxc5 36. f4 Kd7 37. f5 Rd6 38. Qg4 Kc7 39. Qg7+ Nd7 40.
Qc3+ Rc6 41. Qa5+ Kb8 42. Qd2 Rc7 43. Be4 Nc5 44. Qd6 Rf7 45. Qg6 Rf8 46. Bg2
Nd7 47. h4 Rc5 48. Qd6+ Rc7 49. Qf4 Rd8 50. Qg5 Rf8 51. h5 Nf6 52. Kg1 Rd7 53.
h6 Ka8 54. Qg6 Rd1+ 55. Kf2 Rd2+ 56. Ke3 Rd7 57. Bf3 Rc7 58. Kf4 Kb8 59. Qg5 a5
60. Qg3 Rh8 61. Qg6 Rf8 62. a4 b6 63. Qg1 Rc4+ 64. Ke3 Rc7 65. Qb1 Ka7 66. Qd3
Rd7 67. Qc4 Rh7 68. Kf4 Rd7 69. Qe6 Rdf7 70. Bd5 Rd7 71. Bc4 Rd4+ 72. Kg3 Rd7
73. Qe5 Rb7 74. Kf4 Rd7 75. Be6 Rb7 76. Kg5 Nh7+ 77. Kg6 Re8 78. Qg7 Nf8+ 79.
Kf6 Nh7+ 80. Ke5 Nf8 81. Qg5 Rbe7 82. Kd5 Rd8+ 83. Kc6 Rde8 84. Kd6 Rh7 85. Qh4
Kb7 86. Qf6 Rc7 87. Kd5 Rce7 88. Qc3 Rc7 89. Qh3 Rh7 90. Bg8 Rd7+ 91. Kc4 Re4+
92. Kb3 Red4 93. Bc4 Rc7 94. Bf1 Kb8 95. Qe3 Rd1 96. Bd3 Nd7 97. Ka2 Nc5 98. Bc2
Rd8 99. f6 Ka7 100. Qg3 Rcc8 101. h7 Ka6 102. Bf5 Rd2+ 103. Kb1 Rh8 104. Qc7
Rd1+ 105. Kc2 Rdd8 106. f7 Rb8 107. Bg4 Nb7 108. Kd2 Ka7 109. Bf5 1-0

[Event "AUTO-ELITE-470"]
[Site "http://www.queenalice.com/game.php?id=708377"]
[Date "2010.1.4"]
[Round "1"]
[White "OrangeLion"]
[Black "Pinone"]
[Result "1/2-1/2"]
[WhiteElo "2342"]
[BlackElo "2464"]

1. e4 e6 2. d4 d5 3. Nc3 Nf6 4. Bg5 Bb4 5. e5 h6 6. Be3 Ne4 7. Qg4 g5 8. Ne2 h5
9. Qf3 c5 10. O-O-O Nxc3 11. Nxc3 Bxc3 12. bxc3 Nc6 13. Qf6 Qxf6 14. exf6 Rg8
15. dxc5 Bd7 16. Be2 h4 17. Rhg1 O-O-O 18. g3 h3 19. g4 Rg6 20. Bd3 Rgg8 21. Rg3
e5 22. f3 Rde8 23. Bb5 Be6 24. Rxh3 Rg6 25. Re1 Reg8 26. Bxc6 bxc6 27. Bd2 e4
28. c4 Rxf6 29. cxd5 cxd5 30. fxe4 Bxg4 31. Ra3 dxe4 32. Rxe4 Bf3 33. Re7 a6 34.
Bc3 Rc6 35. Rxf7 g4 36. Bd4 Rd8 37. Be3 Rd1+ 38. Kb2 Rd7 39. Rf8+ Rd8 40. Rf4
Rh8 41. Rd3 Re8 42. Rb4 Re4 43. Rb6 Re7 44. Rdb3 Rxb6 45. cxb6 Bc6 46. Bf4 Re4
47. Bc7 Kb7 48. a3 Bb5 49. Rb4 Rxb4+ 50. axb4 Bc4 51. Kc3 Bf1 52. Kd4 Kc6 53. c4
Be2 54. c5 Bf3 55. Ke5 1/2-1/2

[Event "AUTO-ELITE-470"]
[Site "http://www.queenalice.com/game.php?id=708382"]
[Date "2010.1.4"]
[Round "1"]
[White "OrangeLion"]
[Black "Nobre"]
[Result "1/2-1/2"]
[WhiteElo "2309"]
[BlackElo "2483"]

1. e4 c5 2. Nf3 Nc6 3. d4 cxd4 4. Nxd4 Nf6 5. Nc3 e5 6. Ndb5 d6 7. Bg5 a6 8. Na3
b5 9. Bxf6 gxf6 10. Nd5 f5 11. c3 Bg7 12. exf5 Bxf5 13. Nc2 Be6 14. g3 O-O 15.
Bg2 a5 16. O-O Rb8 17. Qh5 f5 18. Rad1 Kh8 19. Rd2 Ne7 20. Rfd1 Ng6 21. Nde3 f4
22. Rxd6 Qe7 23. Nf1 Rf6 24. R6d2 Bxa2 25. Bd5 Bxd5 26. Rxd5 b4 27. cxb4 axb4
28. Nd2 Rc8 29. Ne4 fxg3 30. Nxf6 Qxf6 31. R5d2 gxf2+ 32. Rxf2 Qb6 33. Rd2 Rg8
34. Kh1 Qc6+ 35. Rg2 Nf4 36. Qf7 Nxg2 37. Rxg2 Qe4 38. b3 Qd3 39. Ne1 Qd1 40.
Rg1 e4 41. Qc4 e3 42. Qxb4 Qd8 43. Qg4 Qe7 44. Rg2 Re8 45. Qe2 Qb7 46. Qc4 e2
47. b4 Qe7 48. b5 Qf8 49. Qd3 Ba1 50. b6 Qf4 51. Qb5 Qf1+ 52. Rg1 Rf8 53. Qd5
Qf4 54. Nd3 Qe3 55. b7 Bd4 56. Rg8+ Rxg8 57. Qxg8+ Kxg8 58. b8=Q+ Kf7 59. Qb7+
Ke6 60. Qc6+ Ke7 61. Qc7+ Kf6 62. Qc6+ Kf5 63. Qd5+ Kg6 64. Qg2+ 1/2-1/2

[Event "AUTO-ELITE-470"]
[Site "http://www.queenalice.com/game.php?id=708383"]
[Date "2010.1.4"]
[Round "1"]
[White "Nobre"]
[Black "OrangeLion"]
[Result "0-1"]
[WhiteElo "2484"]
[BlackElo "2295"]

1. d4 Nf6 2. Bg5 e6 3. e4 h6 4. Bxf6 Qxf6 5. Nc3 Bb4 6. Qd2 d5 7. e5 Qd8 8. a3
Be7 9. f4 c5 10. dxc5 Bxc5 11. Nf3 a6 12. f5 Nc6 13. O-O-O Qc7 14. Bd3 Ne7 15.
f6 gxf6 16. exf6 Ng8 17. Rhe1 Nxf6 18. Ne5 Be7 19. Qf4 Bd7 20. Rf1 Rg8 21. g3
O-O-O 22. Nxf7 Rdf8 23. Qxc7+ Kxc7 24. Ne5 Ng4 25. Rxf8 Bxf8 26. Nxg4 Rxg4 27.
Ne2 Be7 28. Rf1 Kd6 29. c3 e5 30. Bf5 Bxf5 31. Rxf5 Ke6 32. Rf2 Rg5 33. Kd2 Rf5
34. Rxf5 Kxf5 35. Ke3 Bg5+ 36. Kf3 Bd2 37. a4 b5 38. axb5 axb5 39. h3 b4 40. g4+
Kg5 41. Kg3 Be1+ 42. Kf3 b3 43. Kg2 Kh4 44. Kh2 Bd2 45. Kg2 e4 46. Kh2 Bg5 47.
Kg2 Bf6 48. Kf2 Bg7 49. Kg2 Be5 50. Nc1 Bxc3 51. Nxb3 Bxb2 52. Nc5 Kg5 0-1

[Event "QA-ANNIV-05"]
[Site "http://www.queenalice.com/game.php?id=723834"]
[Date "2010.2.1"]
[Round "3"]
[White "Richardlim"]
[Black "OrangeLion"]
[Result "0-1"]
[WhiteElo "2241"]
[BlackElo "2269"]

1. e4 e6 2. d4 d5 3. Nc3 Nf6 4. Bg5 Bb4 5. e5 h6 6. Bd2 Bxc3 7. bxc3 Ne4 8. Qg4
g6 9. Bd3 Nxd2 10. Kxd2 c5 11. Nf3 Qc7 12. dxc5 Nd7 13. Qa4 O-O 14. Qf4 Kh7 15.
h4 f5 16. c6 bxc6 17. c4 Nc5 18. Ke2 Rb8 19. Qc1 dxc4 20. Bxc4 Rb4 21. Bd3 Qb6
22. h5 g5 23. Ne1 Ba6 24. Bxa6 Qxa6+ 25. Nd3 Re4+ 26. Kf1 Nxd3 27. cxd3 Qxd3+
28. Kg1 g4 29. Qxc6 g3 30. fxg3 Qd4+ 31. Kh2 Qxe5 32. Qd7+ Kh8 33. Rhe1 Rxe1 34.
Rxe1 Qxe1 35. Qxa7 Qe2 36. Qd4+ Kg8 37. a4 Qxh5+ 38. Kg1 Qe2 39. Kh2 Kf7 40. a5
Ra8 41. Qd7+ Kg6 42. Qa4 Qe5 43. a6 Qd6 44. a7 Qe7 45. Qc6 Rxa7 46. Qb6 Ra1 47.
Qc6 Kf7 48. Qb6 Qg5 49. Qc7+ Kg6 50. Qf4 e5 51. Qxg5+ hxg5 52. g4 f4 53. g3 f3
0-1

[Event "QA-ANNIV-05"]
[Site "http://www.queenalice.com/game.php?id=759025"]
[Date "2010.4.10"]
[Round "4"]
[White "csparrow"]
[Black "OrangeLion"]
[Result "1-0"]
[WhiteElo "2575"]
[BlackElo "2313"]

1. Nf3 Nf6 2. d4 e6 3. c4 b6 4. a3 Ba6 5. Qc2 Bb7 6. Nc3 c5 7. e4 cxd4 8. Nxd4
Nc6 9. Nxc6 Bxc6 10. Bf4 Nh5 11. Be3 Qb8 12. g3 Bc5 13. Bxc5 bxc5 14. O-O-O O-O
15. f4 Nf6 16. Bg2 e5 17. f5 Qc7 18. Bf3 Rfb8 19. Rhe1 Rb6 20. Rd2 Rab8 21. Qd3
Ne8 22. g4 Ba8 23. g5 Rd6 24. Nd5 Bxd5 25. exd5 Rdb6 26. Qe4 d6 27. f6 Qb7 28.
Ree2 g6 29. Rg2 Nc7 30. h4 Ra6 31. Bd1 Ne6 32. Rh2 Nf4 33. h5 Rb6 34. hxg6 fxg6
35. Rdf2 a5 36. Ba4 Qf7 37. Rxf4 exf4 38. Qxf4 Rd8 39. Re2 Rb7 40. Qe3 Kf8 41.
Qg1 Kg8 42. Qe1 Kf8 43. Qxa5 Rdb8 44. Bc6 Ra7 45. Qe1 h5 46. Re6 Rd8 47. Qg3 Kg8
48. Rxd6 1-0

[Event "QA-ANNIV-05"]
[Site "http://www.queenalice.com/game.php?id=793757"]
[Date "2010.6.23"]
[Round "5"]
[White "OrangeLion"]
[Black "bugiaitoc"]
[Result "1-0"]
[WhiteElo "2346"]
[BlackElo "2146"]

1. e4 c5 2. Nf3 Nc6 3. d4 cxd4 4. Nxd4 Nf6 5. Nc3 e5 6. Ndb5 d6 7. Bg5 a6 8. Na3
b5 9. Nd5 Be7 10. Bxf6 gxf6 11. c4 b4 12. Nc2 Rb8 13. Bd3 O-O 14. O-O Kh8 15.
Nce3 Nd4 16. Nf5 Bxf5 17. exf5 Rg8 18. Re1 Rg5 19. Re3 Rb7 20. Qa4 a5 21. Rh3
Qg8 22. Be4 Ra7 23. Nxb4 Bd8 24. Nd5 h5 25. Re1 Nxf5 26. f4 exf4 27. Bxf5 Rxf5
28. Re8 1-0

[Event "AUTO-ELITE-469"]
[Site "http://www.queenalice.com/game.php?id=799496"]
[Date "2010.7.6"]
[Round "2"]
[White "OrangeLion"]
[Black "LoveChess"]
[Result "0-1"]
[WhiteElo "2336"]
[BlackElo "2727"]

1. e4 c6 2. d4 d5 3. Nc3 dxe4 4. Nxe4 Bf5 5. Ng3 Bg6 6. h4 h6 7. Nf3 Nd7 8. h5
Bh7 9. Bd3 Bxd3 10. Qxd3 Ngf6 11. Bf4 Qa5+ 12. Bd2 Qc7 13. O-O-O e6 14. Ne4
O-O-O 15. Kb1 c5 16. Nc3 a6 17. Qe2 cxd4 18. Nxd4 Nb6 19. Nf3 Nc4 20. Rh4 Nxd2+
21. Nxd2 Kb8 22. Rc4 Qb6 23. Nb3 Be7 24. Qe5+ Ka8 25. Rxd8+ Rxd8 26. Qe2 Kb8 27.
g4 Rc8 28. Rd4 Qc7 29. f4 Nd7 30. Ne4 Nb6 31. f5 exf5 32. gxf5 Qe5 33. Qf2 Rc4
34. Rxc4 Nxc4 35. Qd4 Bf6 36. c3 Qxd4 37. Nxd4 Ne3 38. Nxf6 gxf6 39. Kc1 Kc7 0-1

[Event "AUTO-ELITE-469"]
[Site "http://www.queenalice.com/game.php?id=799497"]
[Date "2010.7.6"]
[Round "2"]
[White "LoveChess"]
[Black "OrangeLion"]
[Result "1-0"]
[WhiteElo "2722"]
[BlackElo "2337"]

1. d4 e6 2. e4 d5 3. e5 c5 4. c3 Nc6 5. Nf3 Qb6 6. a3 Bd7 7. b4 cxd4 8. cxd4
Nge7 9. Nc3 Nf5 10. Na4 Qd8 11. Bb2 b6 12. Bd3 a6 13. g4 Nfe7 14. h4 h5 15. Ng5
Rh6 16. gxh5 Nf5 17. Bxf5 exf5 18. Nc3 Ne7 19. Nh3 Rc8 20. Nf4 Rc4 21. Qd2 Qc8
22. Rh3 Qc6 23. Nd1 Qb7 24. Rg3 Rc8 25. Rc3 Rhc6 26. Rxc6 Qxc6 27. Rc1 Qa4 28.
Ne3 Rxc1+ 29. Qxc1 Qb3 30. Qc3 Qxc3+ 31. Bxc3 Be6 32. Ke2 Kd7 33. b5 axb5 34.
Bb4 Ke8 35. Kd3 Kd7 36. Neg2 Ke8 37. Nxe6 fxe6 38. Nf4 1-0

[Event "QA-ANNIV-05"]
[Site "http://www.queenalice.com/game.php?id=841337"]
[Date "2010.10.3"]
[Round "6"]
[White "OrangeLion"]
[Black "TJ"]
[Result "1-0"]
[WhiteElo "2352"]
[BlackElo "2077"]

1. e4 e6 2. d4 d5 3. Nc3 dxe4 4. Nxe4 Nd7 5. Nf3 Ngf6 6. Nxf6+ Nxf6 7. Bd3 c5 8.
O-O cxd4 9. Nxd4 Bc5 10. c3 Bxd4 11. Qa4+ Bd7 12. Qxd4 Bc6 13. Be3 Qd5 14. f3 e5
15. Qc4 Qxc4 16. Bxc4 Nd5 17. Bf2 a6 18. Rad1 Rd8 19. Rd3 b5 20. Bb3 Nf4 21.
Rxd8+ Kxd8 22. Bxf7 Kc7 23. Bb3 Rd8 24. Rd1 Rxd1+ 25. Bxd1 Nd3 26. b4 h5 27. Be3
Bd5 28. a3 Nb2 29. Bc2 Nc4 30. Bc1 h4 31. Kf2 Kb6 32. h3 Kc6 33. a4 Nb6 34. a5
Na4 35. Bf5 Nxc3 36. Bd2 Na4 37. Bc8 Nb2 38. Bxa6 Be6 39. Ke2 Bf5 40. Bg5 Nd3
41. Bc8 Nc1+ 42. Bxc1 Bxc8 43. Bg5 Kd5 44. Bxh4 e4 45. g4 Ke5 46. Bg5 exf3+ 47.
Kxf3 Bb7+ 48. Kg3 Ke6 49. h4 Kf7 50. h5 Kg8 51. Be3 g6 52. h6 g5 53. Bxg5 Kh7
54. Kf4 Kg6 55. Ke5 Bc8 56. Kd5 Bxg4 57. a6 Bc8 58. a7 Bb7+ 59. Kc5 Be4 60. Bc1
Bf3 61. Kxb5 1-0